Missing Word: Sob Stories Quiz Stats

 Plays Quiz Updated Nov 15, 2017

Challenge
Share
Tweet
Embed
Score 0/14 Timer 02:00
0 Plays Today
Hint Missing word % Correct
The Boy Who Cried ____Wolf
97.2%
Cry Me a _____River
96.8%
Weeping ______Willow
94%
___ Girls Don't CryBig
94%
____ Don't CryBoys
85.9%
Cry-____Baby
84.5%
The Crying ____Game
84.4%
Hint Missing word % Correct
When _____ CryDoves
82.4%
Tears for ____Fears
82.4%
_________ tearsCrocodile
82.2%
Tears in ______Heaven
77.9%
While My _____ Gently WeepsGuitar
75.9%
___ CryFar
20%
The Crying _____ of IlesiStone
8.9%

Today's Daily Dose

You're not logged in!

Compare scores with friends on all Sporcle quizzes.
OR
Log In

You Might Also Like...

Show Comments

Extras

Top Quizzes Today


Score Distribution

Your Account Isn't Verified!

In order to create a playlist on Sporcle, you need to verify the email address you used during registration. Go to your Sporcle Settings to finish the process.

Report this User

Report this user for behavior that violates our Community Guidelines.

Details: